000 00285nam a2200109Ia 4500
008 230907s9999||||xx |||||||||||||| ||und||
082 _a333.79323
_bINT
245 0 _aIntegrating renewables in electricity markets :
260 _aSpringer,
_c2014
300 _axvi, 429 p.:
942 _cBK
999 _c597619
_d597619